Anita gets bail:what are our courts doing?what should we do about them? (Record no. 211810)
[ view plain ]
| 000 -LEADER | |
|---|---|
| fixed length control field | 00574nam a2200181Ia 4500 |
| 008 - FIXED-LENGTH DATA ELEMENTS--GENERAL INFORMATION | |
| fixed length control field | 210719s2018 xx 000 0 und d |
| 020 ## - INTERNATIONAL STANDARD BOOK NUMBER | |
| International Standard Book Number | 978-93-5277-777-8 |
| 041 ## - LANGUAGE CODE | |
| Language code of text/sound track or separate title | eng |
| 082 ## - DEWEY DECIMAL CLASSIFICATION NUMBER | |
| Classification number | 347.54 SHOA |
| 100 ## - MAIN ENTRY--PERSONAL NAME | |
| Personal name | SHOURIE (Arun) |
| 245 ## - TITLE STATEMENT | |
| Title | Anita gets bail:what are our courts doing?what should we do about them? |
| 260 ## - PUBLICATION, DISTRIBUTION, ETC. | |
| Place of publication, distribution, etc. | Uttar Pradesh |
| Name of publisher, distributor, etc. | Harper & Collins Publishers |
| Date of publication, distribution, etc. | 2018 |
| 300 ## - PHYSICAL DESCRIPTION | |
| Extent | 277 |
| Other physical details | HB |
| 365 ## - TRADE PRICE | |
| Price amount | 699 |
| Currency code | Rs |
| 650 ## - SUBJECT ADDED ENTRY--TOPICAL TERM | |
| Topical term or geographic name entry element | Law |
| 650 ## - SUBJECT ADDED ENTRY--TOPICAL TERM | |
| Topical term or geographic name entry element | Law |
| 906 ## - LOCAL DATA ELEMENT F, LDF (RLIN) | |
| a | about ; Anita ; are ; bail:what ; courts ; do ; doing?what ; gets ; our ; should ; them? ; we |
| Withdrawn status | Lost status | Damaged status | Not for loan | Collection code | Home library | Current library | Date acquired | Source of acquisition | Cost, normal purchase price | Total Checkouts | Full call number | Barcode | Date last seen | Date last checked out | Cost, replacement price | Price effective from | Koha item type |
|---|---|---|---|---|---|---|---|---|---|---|---|---|---|---|---|---|---|
| St Aloysius Library | St Aloysius Library | 02/11/2021 | General Annual | Navakarnataka Publication Pvt Ltd Mangalore | 699.00 | 2 | 347.54 SHOA | 074624 | 08/29/2025 | 08/18/2025 | 559.20 | 07/19/2021 | Book |